| 000 | 01032cam a2200265 i 4500 | ||
|---|---|---|---|
| 001 | bg | ||
| 003 | KOSZ 005 | ||
| 005 | 20191021081424.0 | ||
| 008 | 020718s1978 pl a f f |000 0 pol | ||
| 015 | _aPB 1978/1443 | ||
| 040 |
_aWA N _cKOSZ 005/HR _dKOSZ 005/HR |
||
| 080 | _a519.2 | ||
| 080 | _a(075.8+076) | ||
| 100 | 1 |
_aPlucińska, Agnieszka _d(1932- ) _eAutor |
|
| 245 | 1 | 0 |
_aZadania z rachunku prawdopodobieństwa i statystyki matematycznej : _bdla studentów politechnik / _cAgnieszka Plucińska, Edmund Pluciński. |
| 250 | _aWyd. 6. | ||
| 260 |
_aWarszawa : _bPaństwowe Wydaw. Naukowe, _c1978 dr. ukończ. 1977. |
||
| 300 |
_a138, [3] s. : _bil., tab., wykr. ; _c21 cm. |
||
| 655 | 4 | _aĆwiczenia i zadania dla szkół wyższych | |
| 650 | 4 | _aStatystyka matematyczna | |
| 650 | 4 | _aRachunek prawdopodobieństwa | |
| 700 | 1 |
_aPluciński, Edmund _d(1929-2014) _eAutor |
|
| 856 |
_uhttp://koha.tu.koszalin.pl/cgi-bin/koha/opac-detail.pl?biblionumber=1320 _yKatalog online BPK |
||
| 942 |
_2UKD _cKS |
||
| 999 |
_c1320 _d1320 |
||